000 00545nam a2200181Ia 4500
005 20250508160327.0
008 008 250505s9999 xx 000 0 eng d
037 _aTextual
040 _aFEDL
_beng
_cFEDL
041 _aeng
_2eng
084 _a378.54, UNI
_qFEDL
245 0 _aReport of the committee on governance of universities and colleges - Part 1: Governance of Universities
245 0 _cUniversity Grants Commission
260 _c1971
300 _a96p.
942 _cTEXL
_h378.54, UNI
999 _c1363704
_d1363704